000 00382nam a22001577a 4500
003 BD-DhUL
005 20170522094610.0
008 170522b xxu||||| |||| 00| 0 eng d
040 _cBD-DhUL
_dBD-DhUL
082 _a292
_bPAG
245 _aPaganism today /
260 _aThorons :
_bDhaka ,
_cc1996.
300 _a242p. :
_bill.,
_c29cm.
650 0 _aPaganism
942 _2ddc
_cBK
999 _c202206
_d202206